000
00319nam a22001457a 4500
020
_a
81-239-0264-6
041
_a
ENG
100
_a
Saini.A.S
245
_a
Textbook of Biochemistry
250
_a
2nd Ed
260
_a
New Dehli
_b
CBS Publishers
_c
1996
300
_a
17.23
650
_a
Agricultural
856
_u
Agricultural
999
_c
409
_d
409